| 000 | 00661nam a2200205 i 4500 | ||
|---|---|---|---|
| 001 | 124487 | ||
| 003 | ES-MaACL | ||
| 005 | 20251001141117.0 | ||
| 007 | t| | ||
| 008 | 070328s1929 sp ||||1| spa d | ||
| 100 | 1 |
_aLexis, Wilhelm. _972084 |
|
| 245 | 1 | 3 |
_aEl comercio / _cWilhelm Lexis ; traducido de la 3ª edición alemana y anotada por Faustino Ballvé. |
| 260 |
_aBarcelona : _bLabor, _c[1929] |
||
| 300 |
_a196 p., XVI p. de lám., map. pleg. ; _c17 cm. |
||
| 490 | 1 |
_aColección Labor ; _v202 |
|
| 700 | 1 |
_aBallvé, Faustino, _d1887-1958 _925088 |
|
| 830 | 0 | 0 |
_aColección Labor _v202 _9184254 |
| 852 |
_aES-MaACL _jE-2717 |
||
| 999 |
_c124487 _d124487 |
||